000 00651nam a22002177a 4500
999 _c15840
_d15840
003 AR-CdUCM
008 190327b ||||| |||| 00| 0 spa d
040 _aMUNICIPALIDAD PROVINCIAL DEL CUSCO
_cBIBLIOTECA MUNICIPAL DEL CUSCO
082 _a869.26 /
_bP31
100 _aPavese, Cesare
_98466
245 _aEl hermoso verano /
260 _aBuenos Aires :
_bGoyanarte ;
_c1956.
300 _a126 páginas ;
_c20 cm.
505 _aContenido: Novela
650 _aNovela
_9572
650 _aNovela italiana
_910534
650 _aSiglo XX
_98
700 _aCueva, Heman M. (traducción)
_925380
942 _2ddc
_cLIBROS
945 _arah
_d30/04/2019